000 00710nam a22002177a 4500
003 UA-OsUOA
001 108711
007 ta
008 20141104b un ||||| |||| 00| 0 ukr d
100 _aЖебровська О.
090 _a330(477)
_bЖ44
942 _cSA
040 _aUA-OsUOA
_bukr
_cUA-OsUOA
_dUA-OsUOA
245 _aВикористання інтегрованих маркетингових комунікацій у просуванні товарів та послуг класу "люкс"
300 _aС.44-47
955 _a0
041 _aukr
080 _a330(477)
773 0 _w108700
_tЕкономіст
_dК.
_d2014
_g9
650 7 _a330 Економіка взагалі
_2UDC
999 _c395348
_d395348